000 00287nam a2200121Ia 4500
008 190216s9999||||xx |||||||||||||| ||und||
100 _aRamesh Chopra
245 0 _aElectronics Project 1997-80
260 _bEfy Pub New Delhi
_c1982
300 _a128p
650 _aLekhanam
942 _cBK
999 _c25652
_d25652